[Event "Florianopolis op 9th"]
[Site "Florianopolis"]
[Date "2023.01.29"]
[Round "10"]
[White "Dos Santos, Gustavo Mota"]
[Black "Ramazzotte, Adriano"]
[Result "0-1"]
[WhiteElo "1810"]
[BlackElo "1490"]
[PlyCount "80"]
[EventDate "2023.01.23"]
[EventType "swiss"]
[EventRounds "10"]
[EventCountry "BRA"]
[SourceTitle "CBM 212 Extra"]
[Source "ChessBase"]
[SourceDate "2023.03.31"]
[SourceVersion "1"]
[SourceVersionDate "2023.03.31"]
[SourceQuality "1"]

1. e4 c6 2. d4 d5 3. f3 dxe4 4. fxe4 e5 5. Nf3 Bg4 6. Bc4 Qxd4 7. Bxf7+ Ke7 8. Nxd4 Bxd1 9. Ne6 Kxf7 10. Nc7 Bxc2 11. Nc3 Bb4 12. 0-0+ Nf6 13. Nxa8 Na6 14. Bg5 Rxa8 15. Rac1 Bxc3 16. bxc3 Bxe4 17. Rfe1 Nc5 18. Bxf6 gxf6 19. Rcd1 Ke7 20. Re3 Rd8 21. Rde1 Bg6 22. R1e2 e4 23. Rb2 Rd1+ 24. Kf2 Nd3+ 25. Rxd3 Rxd3 26. Rxb7+ Rd7 27. Rb4 Rd2+ 28. Ke3 Rxa2 29. Rb7+ Ke6 30. g4 Rxh2 31. Rxa7 Rh3+ 32. Kd4 Kd6 33. Ra8 c5+ 34. Kc4 Bf7+ 35. Kb5 Rxc3 36. Ra6+ Ke5 37. Ra7 Bg6 38. Re7+ Kf4 39. Kc6 Kxg4 40. Kd5 f5 0-1

[Event "Florianopolis op 9th"]
[Site "Florianopolis"]
[Date "2023.01.24"]
[Round "2"]
[White "Trentini, Agata Papini"]
[Black "Ramazzotte, Adriano"]
[Result "0-1"]
[WhiteElo "1800"]
[BlackElo "1490"]
[PlyCount "72"]
[EventDate "2023.01.23"]
[EventType "swiss"]
[EventRounds "10"]
[EventCountry "BRA"]
[SourceTitle "CBM 212 Extra"]
[Source "ChessBase"]
[SourceDate "2023.03.31"]
[SourceVersion "1"]
[SourceVersionDate "2023.03.31"]
[SourceQuality "1"]

1. e4 c6 2. Nf3 d5 3. e5 Bg4 4. Be2 e6 5. d3 Qb6 6. 0-0 Nd7 7. Be3 Qxb2 8. Bd4 Qb4 9. Bc3 Qb6 10. h3 Bxf3 11. Bxf3 d4 12. Bd2 Nxe5 13. Nc3 dxc3 14. Bxc3 Bd6 15. Rb1 Qc7 16. Bh5 Nf6 17. Bf3 0-0 18. d4 Nc4 19. Qe2 b5 20. Qe1 Nd5 21. Be2 Rab8 22. Bd3 Nf4 23. Be4 Ng6 24. Bd3 Nb6 25. Qe4 Nd5 26. Bd2 Ndf4 27. Bc1 Nxd3 28. Bg5 Ndf4 29. c3 Qd7 30. g3 Nxh3+ 31. Kg2 Nxg5 32. Qc2 c5 33. dxc5 Qc6+ 34. Kh2 Nf3+ 35. Kh1 Nfh4+ 36. Kg1 Qg2# 0-1

[Event "Florianopolis op 7th"]
[Site "Florianopolis"]
[Date "2021.01.22"]
[Round "7"]
[White "Ramazzotte, Adriano"]
[Black "De Haro, Martim Alfonso"]
[Result "1-0"]
[WhiteElo "1448"]
[BlackElo "1765"]
[PlyCount "105"]
[EventDate "2021.01.18"]
[EventType "swiss"]
[EventRounds "10"]
[EventCountry "BRA"]
[SourceTitle "CBM 200 Extra"]
[Source "ChessBase"]
[SourceDate "2021.03.31"]
[SourceVersion "1"]
[SourceVersionDate "2021.03.31"]
[SourceQuality "1"]

1. d4 d5 2. c4 e6 3. Nf3 Nf6 4. Bg5 Be7 5. Nc3 h6 6. Bf4 0-0 7. e3 c5 8. Be2 a6 9. a4 Nc6 10. 0-0 dxc4 11. dxc5 Bxc5 12. Bxc4 Qe7 13. Qe2 b6 14. Rfd1 Bb7 15. Rd2 Na5 16. Rad1 Bb4 17. Ne5 Rfd8 18. Rxd8+ Rxd8 19. Rxd8+ Qxd8 20. Qd3 Qxd3 21. Bxd3 Bxc3 22. bxc3 Nd5 23. c4 Nc3 24. e4 Bxe4 25. Bxe4 Ne2+ 26. Kf1 Nxf4 27. g3 Nh5 28. Bd3 Nf6 29. c5 bxc5 30. Bxa6 Kf8 31. Ke2 Ke7 32. Bb5 Nd5 33. Nc6+ Nxc6 34. Bxc6 Kd6 35. Be8 Ke7 36. Bc6 Kd6 37. Be8 f6 38. Kd3 Nc7 39. Bh5 Kc6 40. Kc4 f5 41. Bf3+ Kd6 42. a5 e5 43. Bd1 g5 44. f3 e4 45. fxe4 fxe4 46. Bg4 e3 47. Bf3 Na6 48. Kb5 Nb4 49. Kc4 Na6 50. Kd3 Kc7 51. Kxe3 Kd6 52. Kd3 Nb8 53. Kc4 1-0

[Event "Parana-ch"]
[Site "Maringa"]
[Date "2019.12.15"]
[Round "7"]
[White "Ramazzotte, Adriano"]
[Black "Da Silva, Ulisses Lucas"]
[Result "0-1"]
[WhiteElo "1431"]
[BlackElo "1845"]
[PlyCount "60"]
[EventDate "2019.12.12"]
[EventType "swiss"]
[EventRounds "7"]
[EventCountry "BRA"]
[SourceTitle "CBM 193 Extra"]
[Source "ChessBase"]
[SourceDate "2020.01.31"]
[SourceVersion "1"]
[SourceVersionDate "2020.01.31"]
[SourceQuality "1"]

1. d4 Nf6 2. c4 e6 3. Nf3 b6 4. g3 Ba6 5. b3 d5 6. Bg2 c6 7. Nbd2 Bb4 8. 0-0 Nbd7 9. Ne5 Rc8 10. Ndf3 0-0 11. Bg5 Be7 12. Rc1 h6 13. Bxf6 Nxf6 14. Bh3 c5 15. Nxf7 Kxf7 16. Ne5+ Ke8 17. Bxe6 Rc7 18. Qd3 Qd6 19. Qg6+ Kd8 20. Nf7+ Rxf7 21. Bxf7 cxd4 22. cxd5 Bxe2 23. Rxc7 Qxc7 24. Re1 d3 25. Qxg7 Qc3 26. Qh8+ Kc7 27. Rd1 Bxd1 28. Qa8 Qe1+ 29. Kg2 Bf3+ 30. Kxf3 Qe4# 0-1

[Event "Parana-ch"]
[Site "Maringa"]
[Date "2019.12.12"]
[Round "2"]
[White "Vieira, Luana Saddi"]
[Black "Ramazzotte, Adriano"]
[Result "0-1"]
[WhiteElo "1737"]
[BlackElo "1431"]
[PlyCount "38"]
[EventDate "2019.12.12"]
[EventType "swiss"]
[EventRounds "7"]
[EventCountry "BRA"]
[SourceTitle "CBM 193 Extra"]
[Source "ChessBase"]
[SourceDate "2020.01.31"]
[SourceVersion "1"]
[SourceVersionDate "2020.01.31"]
[SourceQuality "1"]

1. e4 c5 2. Bc4 e6 3. d3 a6 4. Nf3 b5 5. Bb3 Bb7 6. 0-0 Be7 7. Nc3 Qc7 8. Be3 Nf6 9. a3 Nc6 10. Qd2 Ng4 11. Bf4 Bd6 12. Bxd6 Qxd6 13. Qg5 h5 14. Qxg7 0-0-0 15. Qxf7 Rdf8 16. Qg6 Rxf3 17. g3 Nce5 18. Qg5 Rff8 19. Ne2 Nf3+ 0-1

[Event "Londrina op U2200 1st"]
[Site "Londrina"]
[Date "2019.03.03"]
[Round "4"]
[White "Ramazzotte, Adriano"]
[Black "Monteiro, Helen Ramazzotte"]
[Result "1-0"]
[WhiteElo "1404"]
[BlackElo "1158"]
[PlyCount "43"]
[EventDate "2019.03.01"]
[EventType "swiss"]
[EventRounds "5"]
[EventCountry "BRA"]
[SourceTitle "EXT 2020"]
[Source "ChessBase"]
[SourceDate "2019.10.17"]
[SourceVersion "1"]
[SourceVersionDate "2019.10.17"]
[SourceQuality "1"]

1. e4 e5 2. Nf3 Nc6 3. Nc3 Be7 4. Bb5 a6 5. Bxc6 dxc6 6. Nxe5 Nf6 7. d3 Bc5 8. Be3 Bxe3 9. fxe3 Be6 10. 0-0 0-0 11. Qe1 Qd6 12. Nf3 Nd7 13. Qh4 h6 14. Nd4 c5 15. Nf5 Qe5 16. d4 cxd4 17. exd4 Qf6 18. Qxf6 Nxf6 19. Rae1 Rad8 20. d5 Bxf5 21. Rxf5 Rfe8 22. Kf1 1-0

[Event "Londrina op U2200 1st"]
[Site "Londrina"]
[Date "2019.03.01"]
[Round "1"]
[White "Ramazzotte, Adriano"]
[Black "Silva, Lucas Henrique Da"]
[Result "1/2-1/2"]
[WhiteElo "1404"]
[BlackElo "2173"]
[PlyCount "138"]
[EventDate "2019.03.01"]
[EventType "swiss"]
[EventRounds "5"]
[EventCountry "BRA"]
[SourceTitle "EXT 2020"]
[Source "ChessBase"]
[SourceDate "2019.10.17"]
[SourceVersion "1"]
[SourceVersionDate "2019.10.17"]
[SourceQuality "1"]

1. d4 Nf6 2. c4 e6 3. Nf3 Bb4+ 4. Nc3 0-0 5. Qc2 d5 6. a3 Bxc3+ 7. Qxc3 c5 8. Bg5 Nc6 9. e3 cxd4 10. Nxd4 Re8 11. cxd5 Nxd5 12. Qxc6 f6 13. Bxf6 Nxf6 14. Qc4 Kh8 15. Be2 e5 16. Nf3 Be6 17. Qh4 Qb6 18. b4 a5 19. 0-0 e4 20. bxa5 Rxa5 21. Nd4 Bd7 22. Rfb1 Qa7 23. h3 Rc8 24. Qf4 Bc6 25. Qd6 Rd5 26. Qe7 Rd7 27. Qb4 Nd5 28. Qb3 Ba4 29. Qb2 Nc3 30. Bg4 Rdc7 31. Bxc8 Rxc8 32. Qxb7 Qc5 33. Rc1 Rf8 34. Qxg7+ Kxg7 35. Ne6+ Kf6 36. Nxc5 Ne2+ 37. Kh2 Nxc1 38. Nxe4+ Ke5 39. Rxc1 Kxe4 40. Rc4+ Kd3 41. Rxa4 Rxf2 42. Rf4 Ra2 43. a4 Kxe3 44. Kg3 Rc2 45. Rf3+ Ke4 46. Ra3 Rc6 47. a5 Ra6 48. Ra4+ Kf5 49. Kf3 h5 50. g4+ hxg4+ 51. hxg4+ Ke5 52. Kg3 Ke6 53. Kh4 Kf6 54. g5+ Kg6 55. Kg4 Kg7 56. Kh5 Kf7 57. Kg4 Ke7 58. Kf5 Kf7 59. Ke5 Ke7 60. Kd5 Kd7 61. Kc5 Kc7 62. Kb5 Rg6 63. Rc4+ Kb7 64. Rc5 Kb8 65. Kc4 Re6 66. Kd5 Re1 67. g6 Rg1 68. Rc6 Rg5+ 69. Ke6 Rxg6+ 1/2-1/2